[Event "Titled Tuesday intern op 16th Jan Late"]
[Site "Chess.com INT"]
[Date "2024.01.16"]
[Round "5"]
[White "Cruz Mendez, Jean Marcos"]
[Black "Grot, Blazej"]
[Result "0-1"]
[WhiteElo "2180"]
[BlackElo "2102"]
[PlyCount "72"]
[EventDate "2024.01.16"]
[EventType "swiss (blitz)"]
[EventRounds "11"]
[EventCountry "USA"]
[SourceTitle "CB04_2024"]
[SourceDate "2023.10.16"]
[SourceVersion "1"]
[SourceVersionDate "2023.10.16"]
[SourceQuality "1"]

1. e4 c5 2. Nf3 e6 3. d4 cxd4 4. Nxd4 Nc6 5. Nc3 Qc7 6. a3 a6 7. Be3 Nf6 8. f4 d6 9. Qf3 Nxd4 10. Bxd4 b5 11. 0-0-0 Bb7 12. Bd3 Rc8 13. Kb1 Be7 14. g4 Rg8 15. g5 Nd7 16. Qh5 Nf8 17. Rhf1 h6 18. gxh6 gxh6 19. Qxh6 Rg2 20. Qh3 Rg8 21. Rg1 Rxg1 22. Rxg1 e5 23. Be3 exf4 24. Bxf4 Ng6 25. Rxg6 fxg6 26. e5 Qc5 27. exd6 Bxd6 28. Qe6+ Be7 29. Bxg6+ Kd8 30. Bf5 Rc7 31. Bxc7+ Kxc7 32. Qd7+ Kb8 33. Qd2 Bf6 34. Ne4 Qxf5 35. Nd6 Qe5 36. c3 Bd5 0-1

[Event "Titled Tuesday intern op 16th Jan Early"]
[Site "Chess.com INT"]
[Date "2024.01.16"]
[Round "5"]
[White "Dwilewicz, Katarzyna"]
[Black "Grot, Blazej"]
[Result "1-0"]
[WhiteElo "2129"]
[BlackElo "2102"]
[PlyCount "147"]
[EventDate "2024.01.16"]
[EventType "swiss (blitz)"]
[EventRounds "11"]
[EventCountry "USA"]
[SourceTitle "CB04_2024"]
[SourceDate "2023.10.16"]
[SourceVersion "1"]
[SourceVersionDate "2023.10.16"]
[SourceQuality "1"]

1. e4 c5 2. Nc3 e6 3. g3 Nc6 4. Bg2 g6 5. Nge2 Bg7 6. d3 Nge7 7. f4 d6 8. Be3 Nd4 9. Qd2 Qa5 10. Bxd4 cxd4 11. Nd1 Qxd2+ 12. Kxd2 e5 13. b3 Nc6 14. Nb2 Be6 15. a4 0-0 16. Nc4 Bxc4 17. bxc4 b6 18. Rhf1 f6 19. f5 g5 20. h4 h6 21. Bf3 Kf7 22. c3 Ke7 23. cxd4 exd4 24. e5 Nxe5 25. Bxa8 Rxa8 26. Nxd4 h5 27. Ne6 Bh6 28. hxg5 fxg5 29. Ke2 Kf6 30. Nc7 Rc8 31. Nd5+ Kf7 32. Rh1 Re8 33. Rxh5 Bg7 34. f6 Ng4+ 35. Kd2 Nxf6 36. Rf1 Kg6 37. Nxf6 Bxf6 38. Rh2 Be5 39. Re2 Rh8 40. g4 Rh4 41. Rg2 Rh3 42. Rf8 Rh1 43. Ra8 Bf4+ 44. Ke2 Rb1 45. Rxa7 Rb2+ 46. Kf3 Rb3 47. Ke4 Rb4 48. a5 bxa5 49. Rxa5 Kf6 50. Rb5 Ra4 51. Kd5 Ra3 52. d4 Re3 53. Rb6 Re6 54. c5 Re8 55. cxd6 Rd8 56. Re2 Rd7 57. Re6+ Kf7 58. Rh6 Kg7 59. Rh1 Kf7 60. Ra1 Kg6 61. Ra8 Kf7 62. Rc8 Kg6 63. Ke6 Rf7 64. d7 Rf6+ 65. Kd5 Rxb6 66. d8Q Rb5+ 67. Kc4 Rb7 68. Rc6+ Kh7 69. Qd5 Rg7 70. Re6 Rc7+ 71. Kd3 Rg7 72. Qe4+ Kg8 73. Re8+ Kf7 74. Qe6# 1-0

[Event "Titled Tuesday intern op 16th Jan Early"]
[Site "Chess.com INT"]
[Date "2024.01.16"]
[Round "3"]
[White "Grot, Blazej"]
[Black "Kopczynski, Michal"]
[Result "1/2-1/2"]
[WhiteElo "2102"]
[BlackElo "2225"]
[PlyCount "82"]
[EventDate "2024.01.16"]
[EventType "swiss (blitz)"]
[EventRounds "11"]
[EventCountry "USA"]
[SourceTitle "CB04_2024"]
[SourceDate "2023.10.16"]
[SourceVersion "1"]
[SourceVersionDate "2023.10.16"]
[SourceQuality "1"]

1. e4 b6 2. d4 Bb7 3. Bd3 e6 4. c3 Nf6 5. Qe2 d5 6. e5 Nfd7 7. h4 c5 8. Nf3 Nc6 9. Be3 Qc7 10. 0-0 h6 11. a3 0-0-0 12. b4 c4 13. Bc2 f5 14. a4 Be7 15. a5 b5 16. a6 Ba8 17. h5 g6 18. hxg6 Rdg8 19. Bf4 Rxg6 20. Nbd2 Rhg8 21. Ne1 Rg4 22. Bh2 f4 23. Bd1 Bxb4 24. cxb4 Nxd4 25. Qxg4 Rxg4 26. Bxg4 Qxe5 27. Nef3 Nxf3+ 28. Nxf3 Qf6 29. Rfe1 Nf8 30. Rad1 Kc7 31. Nd4 e5 32. Nxb5+ Kb6 33. Nc3 d4 34. Na4+ Kb5 35. Nc5 Kxb4 36. Nb7 c3 37. Rb1+ Ka4 38. Nc5+ Ka5 39. Nb7+ Ka4 40. Nc5+ Ka5 41. Nb7+ Ka4 1/2-1/2

[Event "Titled Tuesday intern op 16th Jan Late"]
[Site "Chess.com INT"]
[Date "2024.01.16"]
[Round "1"]
[White "Janaszak, Dawid"]
[Black "Grot, Blazej"]
[Result "1-0"]
[WhiteElo "2308"]
[BlackElo "2102"]
[PlyCount "81"]
[EventDate "2024.01.16"]
[EventType "swiss (blitz)"]
[EventRounds "11"]
[EventCountry "USA"]
[SourceTitle "CB04_2024"]
[SourceDate "2023.10.16"]
[SourceVersion "1"]
[SourceVersionDate "2023.10.16"]
[SourceQuality "1"]

1. e4 c5 2. Nc3 e6 3. f4 Nc6 4. Nf3 Nge7 5. g3 d5 6. d3 g6 7. Bg2 Bg7 8. 0-0 a6 9. e5 b5 10. a4 Rb8 11. axb5 axb5 12. Bd2 Qc7 13. Kh1 Bd7 14. Ne2 h5 15. c3 Nf5 16. d4 c4 17. Kg1 Na5 18. Ra2 Nb3 19. Nc1 Na5 20. Ne1 Bf8 21. Nc2 Be7 22. Ne3 Nxe3 23. Bxe3 b4 24. Bd2 b3 25. Ra1 Nc6 26. Ne2 0-0 27. g4 hxg4 28. Ng3 Bd8 29. Qxg4 Ne7 30. h4 Nf5 31. h5 Nh6 32. Qh3 Kg7 33. hxg6 fxg6 34. f5 Nxf5 35. Nxf5+ Rxf5 36. Qh6+ Kf7 37. Qh7+ Kf8 38. Bh6+ Ke8 39. Qg8+ Ke7 40. Bf8+ Ke8 41. Bd6+ 1-0

[Event "Titled Tuesday intern op 16th Jan Early"]
[Site "Chess.com INT"]
[Date "2024.01.16"]
[Round "10"]
[White "Smirnov, Mark1"]
[Black "Grot, Blazej"]
[Result "1-0"]
[WhiteElo "2152"]
[BlackElo "2102"]
[PlyCount "109"]
[EventDate "2024.01.16"]
[EventType "swiss (blitz)"]
[EventRounds "11"]
[EventCountry "USA"]
[SourceTitle "CB04_2024"]
[SourceDate "2023.10.16"]
[SourceVersion "1"]
[SourceVersionDate "2023.10.16"]
[SourceQuality "1"]

1. e4 c5 2. Nf3 e6 3. g3 Nc6 4. Bg2 d5 5. exd5 exd5 6. d4 Nf6 7. 0-0 Be7 8. Nbd2 0-0 9. dxc5 Bxc5 10. Nb3 Bb6 11. h3 h6 12. Nbd4 Re8 13. c3 Bd7 14. Bf4 Bc7 15. Bxc7 Qxc7 16. Re1 Rxe1+ 17. Qxe1 Re8 18. Qf1 a6 19. Re1 Qc8 20. Rxe8+ Qxe8 21. Nxc6 bxc6 22. Qxa6 Bf5 23. Nd4 Bd7 24. Qe2 Qc8 25. Nb3 Bxh3 26. Nc5 Bxg2 27. Kxg2 h5 28. a4 h4 29. a5 h3+ 30. Kg1 Qf5 31. f3 Qb1+ 32. Kh2 g5 33. a6 g4 34. fxg4 Qa1 35. g5 Ne4 36. Nxe4 dxe4 37. Kxh3 Qh1+ 38. Kg4 Qh7 39. Kf4 Qg6 40. Qxe4 Qd6+ 41. Kg4 Qd1+ 42. Qf3 Qd7+ 43. Qf5 Qd1+ 44. Qf3 Qd7+ 45. Kh4 c5 46. Qa8+ Kh7 47. Qf3 Kg7 48. Qf6+ Kg8 49. g6 fxg6 50. Qxg6+ Kf8 51. Qf6+ Kg8 52. Qg5+ Kh7 53. Qh5+ Kg7 54. Qg4+ Qxg4+ 55. Kxg4 1-0

[Event "Katowice POL-HUN 10th"]
[Site "Katowice"]
[Date "2023.09.10"]
[Round "6"]
[White "Perez Rodriguez, Jennifer"]
[Black "Grot, Blazej"]
[Result "1/2-1/2"]
[WhiteElo "2242"]
[BlackElo "2098"]
[PlyCount "120"]
[EventDate "2023.09.09"]
[EventType "swiss (rapid)"]
[EventRounds "9"]
[EventCountry "POL"]
[SourceTitle "EXT 2024"]
[Source "ChessBase"]
[SourceDate "2023.10.10"]
[SourceVersion "1"]
[SourceVersionDate "2023.10.10"]
[SourceQuality "1"]

1. d4 Nf6 2. Bf4 e6 3. Nc3 d5 4. e3 a6 5. g4 c5 6. g5 Nfd7 7. Nf3 Nc6 8. h4 Qb6 9. Rb1 Be7 10. h5 Qa5 11. a3 b5 12. Bh3 c4 13. Kf1 Bb7 14. Ne2 g6 15. c3 0-0-0 16. Qc2 Qa4 17. Qd2 Na5 18. Ng3 Bc6 19. Re1 Nb7 20. Ne5 Nxe5 21. Bxe5 Rhe8 22. hxg6 hxg6 23. f4 Nd6 24. Bg4 Bd7 25. Rh7 Rf8 26. Kg2 Nf5 27. Nxf5 gxf5 28. Bh5 Be8 29. Rh1 Rd7 30. Kf2 f6 31. Bxe8 Rxe8 32. gxf6 Bd6 33. Rxd7 Kxd7 34. Rh7+ Kc6 35. Qe2 Rf8 36. f7 Qb3 37. Rg7 Kd7 38. Rh7 Kc6 39. Kg2 Bxe5 40. fxe5 Kd7 41. Kg3 Ke7 42. Qh5 Qc2 43. Qg5+ Kd7 44. Rh6 Qe2 45. Rh2 Qe1+ 46. Kg2 Rxf7 47. Qg3 Qe2+ 48. Kg1 Qd1+ 49. Kg2 Qc2+ 50. Kg1 Qb1+ 51. Kg2 Qxb2+ 52. Kf3 Qb1 53. Qg8 Qf1+ 54. Rf2 Qh1+ 55. Ke2 Re7 56. Qb8 Qe4 57. Qd6+ Ke8 58. Qb8+ Kd7 59. Qd6+ Ke8 60. Qb8+ Kd7 1/2-1/2

[Event "Katowice POL-HUN 10th"]
[Site "Katowice"]
[Date "2023.09.09"]
[Round "3"]
[White "Wisniewski, Adrian"]
[Black "Grot, Blazej"]
[Result "1-0"]
[WhiteElo "2351"]
[BlackElo "2098"]
[PlyCount "55"]
[EventDate "2023.09.09"]
[EventType "swiss (rapid)"]
[EventRounds "9"]
[EventCountry "POL"]
[SourceTitle "EXT 2024"]
[Source "ChessBase"]
[SourceDate "2023.10.10"]
[SourceVersion "1"]
[SourceVersionDate "2023.10.10"]
[SourceQuality "1"]

1. Nf3 Nf6 2. g3 g6 3. b3 Bg7 4. Bb2 b6 5. Bg2 Bb7 6. c4 0-0 7. 0-0 c5 8. Nc3 d6 9. d4 cxd4 10. Qxd4 Ne4 11. Qe3 Nc5 12. Rad1 Nbd7 13. h4 Nf6 14. Ng5 Bxg2 15. Kxg2 h6 16. Nf3 Qd7 17. b4 Na4 18. Nxa4 Qxa4 19. Bxf6 exf6 20. Qb3 Qc6 21. b5 Qb7 22. Rxd6 Rfe8 23. Qd3 Qe4 24. e3 Rac8 25. Rc1 Qe7 26. Rd7 Qe6 27. Qd5 Qg4 28. Qxf7+ 1-0

[Event "POL-ch Rapid U18"]
[Site "Bydgoszcz"]
[Date "2023.08.29"]
[Round "1"]
[White "Golebiowski, Piotr1111"]
[Black "Grot, Blazej"]
[Result "0-1"]
[WhiteElo "1432"]
[BlackElo "2009"]
[PlyCount "148"]
[EventDate "2023.08.28"]
[EventType "swiss"]
[EventRounds "11"]
[EventCountry "POL"]
[SourceTitle "EXT 2024"]
[Source "ChessBase"]
[SourceDate "2023.10.10"]
[SourceVersion "1"]
[SourceVersionDate "2023.10.10"]
[SourceQuality "1"]

1. d4 Nf6 2. c4 e6 3. Nc3 d5 4. Nf3 c6 5. Bf4 Nbd7 6. e3 Be7 7. h3 h6 8. Be2 dxc4 9. Bxc4 b5 10. Bd3 a6 11. 0-0 Bb7 12. Rc1 c5 13. dxc5 Nxc5 14. Be2 0-0 15. Qxd8 Rfxd8 16. a3 Nd3 17. Bxd3 Rxd3 18. Rfd1 Rad8 19. Nd4 Rxd1+ 20. Rxd1 Rc8 21. Nf3 Bxf3 22. gxf3 Bxa3 23. bxa3 Rxc3 24. Bd6 Nd5 25. Bb4 Rc2 26. Rd2 Rxd2 27. Bxd2 Kf8 28. Kf1 Ke7 29. Ke2 g6 30. e4 Nb6 31. Bxh6 Nc4 32. Bc1 Kd6 33. Kd3 Kc5 34. Bh6 Ne5+ 35. Ke3 Kc4 36. Bf8 Nd7 37. Bb4 Nb8 38. f4 Nc6 39. Bd6 a5 40. f5 exf5 41. exf5 Kd5 42. Bf8 gxf5 43. h4 Ke6 44. Bg7 f6 45. Bf8 Kf7 46. Bc5 Kg6 47. Kf4 b4 48. axb4 axb4 49. Be3 b3 50. Bc1 Nd4 51. Bb2 Ne6+ 52. Kg3 Nc5 53. Kf3 Nd3 54. Bc3 b2 55. Bxb2 Nxb2 56. Kf4 Nd3+ 57. Ke3 Nc5 58. Kd4 Ne6+ 59. Kd5 Nf4+ 60. Kd4 Ng2 61. Kd5 Nxh4 62. Ke6 Kg5 63. Kd5 f4 64. Ke4 f5+ 65. Kd3 Kg4 66. Ke2 Kh3 67. Kf1 Ng6 68. Kg1 Ne5 69. Kf1 Kh2 70. Ke1 Kg2 71. Ke2 f3+ 72. Ke3 Ng4+ 73. Kf4 Nxf2 74. Kxf5 Nh3 0-1

[Event "Bydgoszcz op-A"]
[Site "Bydgoszcz"]
[Date "2023.06.29"]
[Round "6"]
[White "Paprocki, Jaroslaw"]
[Black "Grot, Blazej"]
[Result "1/2-1/2"]
[WhiteElo "2176"]
[BlackElo "2089"]
[PlyCount "96"]
[EventDate "2023.06.24"]
[EventType "swiss"]
[EventRounds "9"]
[EventCountry "POL"]
[SourceTitle "CBM 215 Extra"]
[Source "ChessBase"]
[SourceDate "2023.09.30"]
[SourceVersion "1"]
[SourceVersionDate "2023.09.30"]
[SourceQuality "1"]

1. b3 e5 2. Bb2 Nc6 3. c4 Nf6 4. Nf3 e4 5. Nd4 Bc5 6. Nf5 0-0 7. Ne3 d5 8. cxd5 Nxd5 9. Qc2 Nxe3 10. Qxc5 Nxf1 11. Rxf1 Re8 12. Na3 a5 13. Qc3 f6 14. f4 exf3 15. Rxf3 Nb4 16. Kf1 Bg4 17. Qc4+ Be6 18. Qf4 Ra6 19. Nb5 Bd5 20. Rg3 Qe7 21. Nd4 c5 22. Nf5 Qxe2+ 23. Kg1 Nd3 24. Rxg7+ Kf8 25. Qg3 Qe1+ 26. Rxe1 Rxe1+ 27. Qxe1 Nxe1 28. Rd7 Be6 29. Rd8+ Kf7 30. Ne3 a4 31. bxa4 Rxa4 32. a3 c4 33. Rb8 Ra7 34. Kf1 Nd3 35. Bd4 Rxa3 36. Rxb7+ Kg6 37. Rb6 Kf7 38. g4 Rb3 39. Ra6 Rb1+ 40. Kg2 Re1 41. Bc3 Re2+ 42. Kg3 Nc5 43. Ra7+ Kg6 44. Ng2 Ne4+ 45. Kf3 Rf2+ 46. Kxe4 Rxg2 47. h3 Rg3 48. Ra6 Kf7 1/2-1/2

[Event "Bydgoszcz op-A"]
[Site "Bydgoszcz"]
[Date "2023.06.25"]
[Round "2"]
[White "Janeczko, Jakub"]
[Black "Grot, Blazej"]
[Result "1/2-1/2"]
[WhiteElo "2202"]
[BlackElo "2089"]
[PlyCount "48"]
[EventDate "2023.06.24"]
[EventType "swiss"]
[EventRounds "9"]
[EventCountry "POL"]
[SourceTitle "CBM 215 Extra"]
[Source "ChessBase"]
[SourceDate "2023.09.30"]
[SourceVersion "1"]
[SourceVersionDate "2023.09.30"]
[SourceQuality "1"]

1. e4 e6 2. d4 d5 3. e5 c5 4. c3 Nc6 5. Nf3 Bd7 6. Na3 Rc8 7. Nc2 Qb6 8. Bd3 cxd4 9. cxd4 Nb4 10. Nxb4 Bxb4+ 11. Ke2 Bb5 12. a3 Bf8 13. Bxb5+ Qxb5+ 14. Qd3 Qxd3+ 15. Kxd3 Ne7 16. Bd2 Nc6 17. b4 a6 18. Rhb1 b5 19. a4 Be7 20. axb5 axb5 21. Ra6 Kd7 22. Rc1 Rc7 23. Rb6 Rhc8 24. Ke3 Nxb4 1/2-1/2

[Event "Ostrava Konik op-A"]
[Site "Ostrava"]
[Date "2023.05.08"]
[Round "3"]
[White "Grot, Blazej"]
[Black "Plischki, Sebastian"]
[Result "0-1"]
[WhiteElo "1990"]
[BlackElo "2332"]
[PlyCount "88"]
[EventDate "2023.05.06"]
[EventType "swiss"]
[EventRounds "9"]
[EventCountry "CZE"]
[SourceTitle "CBM 214 Extra"]
[Source "ChessBase"]
[SourceDate "2023.07.31"]
[SourceVersion "1"]
[SourceVersionDate "2023.07.31"]
[SourceQuality "1"]

1. e4 c5 2. Nf3 e6 3. d4 cxd4 4. Nxd4 Nc6 5. Nc3 Qc7 6. Be2 a6 7. 0-0 Nf6 8. Be3 Be7 9. f4 d6 10. Qe1 0-0 11. a3 Nxd4 12. Bxd4 b5 13. Qg3 Bb7 14. Rae1 Rad8 15. Bf3 Ne8 16. Kh1 Bf6 17. Qf2 Bxd4 18. Qxd4 e5 19. Qd2 Nf6 20. Rd1 Rfe8 21. Rfe1 h6 22. f5 Qe7 23. h4 Rd7 24. g4 Nxg4 25. Kg2 Nf6 26. Kh3 Kh7 27. Qg2 Rg8 28. Rd3 g5 29. hxg5 Rxg5 30. Qf2 Rd8 31. Rg1 Rxg1 32. Qxg1 d5 33. exd5 Bc8 34. Re3 Bxf5+ 35. Kh2 e4 36. Qf2 Qd6+ 37. Kg1 exf3 38. Rxf3 Rg8+ 39. Kf1 Ng4 40. Qa7 Nh2+ 41. Kf2 Nxf3 42. Qxf7+ Kh8 43. Qxf5 Qg3+ 44. Ke2 Nd4+ 0-1

[Event "Titled Tuesday intern op 11th Apr Late"]
[Site "Chess.com INT"]
[Date "2023.04.11"]
[Round "7"]
[White "Alimpic, Aleksa"]
[Black "Grot, Blazej"]
[Result "1-0"]
[WhiteElo "2243"]
[BlackElo "1990"]
[PlyCount "83"]
[EventDate "2023.04.11"]
[EventType "swiss (blitz)"]
[EventRounds "11"]
[EventCountry "USA"]
[SourceTitle "CBM 213 Extra"]
[Source "ChessBase"]
[SourceDate "2023.05.31"]
[SourceVersion "1"]
[SourceVersionDate "2023.05.31"]
[SourceQuality "1"]

1. d4 d6 2. c4 e5 3. e3 exd4 4. Qxd4 Nc6 5. Qd2 Be6 6. Nc3 Nf6 7. b3 d5 8. cxd5 Nxd5 9. Nxd5 Bxd5 10. Ne2 Be7 11. Nc3 Be6 12. Bb5 0-0 13. Bxc6 bxc6 14. 0-0 Bf6 15. Qc2 Qe7 16. Bb2 Rad8 17. Rac1 Qc5 18. Ne4 Qg5 19. Nxg5 Bxg5 20. Rfd1 Bd5 21. h4 Bxh4 22. e4 Be6 23. Rxd8 Bxd8 24. Rd1 Bg5 25. Qxc6 a5 26. Qc3 Bf6 27. Qc2 Bg5 28. Qxc7 a4 29. bxa4 Bxa2 30. Qc3 Bf6 31. Qa3 Bxb2 32. Qxb2 Be6 33. a5 h5 34. a6 h4 35. a7 h3 36. gxh3 g5 37. Qb8 Bxh3 38. Qxf8+ Kxf8 39. a8Q+ Kg7 40. Qd5 Be6 41. Qxg5+ Kf8 42. Rd8# 1-0

[Event "Titled Tuesday intern op 11th Apr Late"]
[Site "Chess.com INT"]
[Date "2023.04.11"]
[Round "1"]
[White "Eisa Mohmood, Alkhoori"]
[Black "Grot, Blazej"]
[Result "1-0"]
[WhiteElo "1095"]
[BlackElo "1990"]
[PlyCount "141"]
[EventDate "2023.04.11"]
[EventType "swiss (blitz)"]
[EventRounds "11"]
[EventCountry "USA"]
[SourceTitle "CBM 213 Extra"]
[Source "ChessBase"]
[SourceDate "2023.05.31"]
[SourceVersion "1"]
[SourceVersionDate "2023.05.31"]
[SourceQuality "1"]

1. e4 e5 2. Nf3 Nc6 3. Bb5 a6 4. Ba4 d6 5. 0-0 Bd7 6. c3 g6 7. d4 Bg7 8. Re1 h6 9. d5 Nce7 10. Bxd7+ Qxd7 11. c4 Nf6 12. Nc3 0-0 13. Be3 Nh5 14. Qd2 Kh7 15. c5 f5 16. cxd6 cxd6 17. exf5 gxf5 18. Rac1 f4 19. Bb6 Rac8 20. Ne4 Qb5 21. Bc7 Qxd5 22. Bxd6 Qxd2 23. Nfxd2 Rxc1 24. Rxc1 Rc8 25. Rxc8 Nxc8 26. Bc7 Kg6 27. Nc4 Kf5 28. Ned6+ Nxd6 29. Nxd6+ Ke6 30. Nxb7 Kd7 31. Ba5 Kc6 32. Nd8+ Kd7 33. Nb7 Kc6 34. Nd8+ Kd7 35. b4 e4 36. Nb7 Kc6 37. Nc5 e3 38. fxe3 fxe3 39. g3 Bd4 40. Kf1 Nf6 41. Ne6 Ba7 42. Bd8 Ng4 43. h3 Ne5 44. Bf6 Nd3 45. Bc3 Kd5 46. Nf4+ Kc4 47. Nxd3 Kxd3 48. Be1 e2+ 49. Kg2 Kc2 50. g4 Kd1 51. Bg3 Bb8 52. Bf2 Ba7 53. Bh4 Be3 54. a4 Bd2 55. b5 axb5 56. axb5 e1Q 57. Bxe1 Kxe1 58. b6 Bf4 59. h4 Ke2 60. b7 Ke3 61. g5 hxg5 62. hxg5 Ke4 63. g6 Kd5 64. g7 Kc6 65. b8Q Bc7 66. Qc8 Kb6 67. g8R Bd6 68. Rg6 Kb5 69. Rxd6 Kb4 70. Rb6+ Ka5 71. Qa6# 1-0

[Event "Titled Tuesday intern op 11th Apr Early"]
[Site "Chess.com INT"]
[Date "2023.04.11"]
[Round "2"]
[White "Grot, Blazej"]
[Black "Ioannidis, Evgenios"]
[Result "1/2-1/2"]
[WhiteElo "1990"]
[BlackElo "2467"]
[PlyCount "169"]
[EventDate "2023.04.11"]
[EventType "swiss (blitz)"]
[EventRounds "11"]
[EventCountry "USA"]
[SourceTitle "CBM 213 Extra"]
[Source "ChessBase"]
[SourceDate "2023.05.31"]
[SourceVersion "1"]
[SourceVersionDate "2023.05.31"]
[SourceQuality "1"]

1. e4 e6 2. d4 d5 3. exd5 exd5 4. Nf3 c5 5. c3 Nc6 6. dxc5 Bxc5 7. Bb5 Nf6 8. 0-0 0-0 9. Nbd2 Bg4 10. h3 Bh5 11. Be2 Re8 12. Nb3 Bb6 13. Re1 Qd6 14. Nfd4 Bc7 15. g3 Bxe2 16. Rxe2 Rxe2 17. Qxe2 Re8 18. Be3 Qd7 19. Kg2 Ne5 20. Nd2 Bb6 21. Rf1 h6 22. Re1 Qa4 23. Ra1 Nc6 24. Qd1 Qa6 25. N2f3 Na5 26. b3 Bc7 27. Qe2 Qxe2 28. Nxe2 a6 29. Nfd4 Ne4 30. Rc1 Be5 31. c4 dxc4 32. bxc4 Rc8 33. Kf3 Nc5 34. Nf5 Kf8 35. Nf4 Ne6 36. c5 Nc6 37. Rb1 Rc7 38. Nd5 Rd7 39. Nb6 Rd3 40. Ke2 Ra3 41. Nd7+ Kg8 42. Nxe5 Nxe5 43. Rxb7 Rxa2+ 44. Kf1 Nc4 45. c6 Rc2 46. Bf4 Nxf4 47. gxf4 Nd2+ 48. Kg2 g6 49. c7 gxf5 50. Rb8+ Kg7 51. c8Q Rxc8 52. Rxc8 Ne4 53. Ra8 Nc5 54. Rc8 Ne6 55. Rc4 Kf6 56. Ra4 Kg6 57. Rxa6 Kh5 58. Kg3 Nc5 59. Ra7 Ne4+ 60. Kg2 Kg6 61. f3 Nc5 62. Rc7 Ne6 63. Rc6 Kg7 64. Ra6 Nxf4+ 65. Kg3 Ne6 66. Ra5 Kf6 67. Ra6 Kg6 68. Ra5 Kg5 69. Ra6 h5 70. Ra7 h4+ 71. Kf2 Kf4 72. Rxf7 Ng5 73. Rg7 Nxh3+ 74. Kg2 Ng5 75. Rg8 Nxf3 76. Rh8 Kg4 77. Rg8+ Ng5 78. Rf8 f4 79. Kh2 Nf3+ 80. Kg2 Ng5 81. Rg8 h3+ 82. Kh2 f3 83. Rf8 Ne4 84. Rxf3 Kxf3 85. Kxh3 1/2-1/2